Letters from Iran /

A moving account of an exile's return to his homeland. A series of letters written to a friend in America describe his homecoming and emotions. His reunion is joyous as well as sad for the longing of a vanished past.

Bibliographic Details
Corporate Authors: Paradisa Films, Choices, Inc
Other Authors: Manouchehri, Nezam
Format: Video DVD
Language:English
Persian
Language Notes:English and Farsi, English subtitles.
Published: [Beverly Hills, Calif.] : Choices, [2006]
Subjects:

MARC

Tag First Indicator Second Indicator Subfields
LEADER 00000cgm a2200000Ia 4500
001 in00002672736
005 20151202121047.0
007 vd cvaizs
008 060608p20062004cau033 g vleng d
020 |a 193372403X 
020 |a 9781933724034 
024 1 0 |a 682086703022 
028 4 2 |a CH7030DVD  |b Choices 
035 |a (OCoLC)ocm70049636 
035 |a (OCoLC)70049636 
040 |a TEFMT  |c TEFMT  |d RCS  |d GK8  |d LML  |d BTCTA  |d UtOrBLW 
041 0 |a eng  |a per  |j eng  |g eng 
043 |a a-ir--- 
049 |a TXAM 
050 1 4 |a BJ2101.A4  |b L488477 2006 
082 0 4 |a 395.4  |2 22 
090 |a DS259.2  |b .L48 2006 
245 0 0 |a Letters from Iran /  |c a Paradisa Films production ; writer and director, Nezam Manouchehri. 
264 1 |a [Beverly Hills, Calif.] :  |b Choices,  |c [2006] 
300 |a 1 videodisc (33 min.) :  |b sound, color ;  |c 4 3/4 in. 
336 |a two-dimensional moving image  |b tdi  |2 rdacontent 
337 |a video  |b v  |2 rdamedia 
338 |a videodisc  |b vd  |2 rdacarrier 
538 |a DVD-R. 
546 |a English and Farsi, English subtitles. 
500 |a Some credits from container. 
511 0 |a Narrator (English and Farsi), Nezam Manouchehri. 
508 |a Camera, Nezam Manouchehri ... [et al.] ; editors, Nezam Manouchehri and Farokh Ajdari ; music, Ali Bagheri ... [et al.]. 
500 |a Recorded in Dolby digital stereo. 
500 |a Videodisc release of a 2004 motion picture. 
500 |a "A first-hand look inside Iran today"--Container. 
520 |a A moving account of an exile's return to his homeland. A series of letters written to a friend in America describe his homecoming and emotions. His reunion is joyous as well as sad for the longing of a vanished past. 
500 |a Special features: lesson plan/guidebook, director's interview. 
500 |a Videorecording. 
600 1 0 |a Manouchehri, Nezam  |x Travel  |z Iran. 
651 0 |a Iran  |x Description and travel. 
655 7 |a Documentary films.  |2 lcgft 
655 7 |a Nonfiction films.  |2 lcgft 
700 1 |a Manouchehri, Nezam. 
710 2 |a Paradisa Films. 
710 2 |a Choices, Inc. 
994 |a C0  |b TXA 
948 |a cataloged  |b h  |c 2011/5/2  |d c  |e blrosas  |f 12:15:18 pm 
999 |a MARS 
999 f f |s 68528d0b-776e-345f-9766-b53f1c9acb73  |i c3e1a4f0-0335-3953-b483-205264666345  |t 0 
952 f f |p ric  |a Texas A&M University  |b Rellis Campus  |c Joint Library Facility  |d Remote Storage  |t 0  |e DS259.2 .L48 2006  |h Library of Congress classification  |i video -- videodisc  |m A14839604406 
998 f f |a DS259.2 .L48 2006  |t 0  |l Remote Storage